| 000 | 00665nam a22001697a 4500 | ||
|---|---|---|---|
| 999 |
_c10941 _d10941 |
||
| 008 | 180927b ||||| |||| 00| 0 eng d | ||
| 082 |
_22018 _aUT 1042 _bD26 |
||
| 100 |
_931785 _aDaugdaug, Edsel Jay B. |
||
| 245 |
_aMetacognitive strategy use and academic reading comprehension of 3rd year criminology/ _cEdsel Jay B. Daugdaug, Chrysstle Joy Labesto and Judy Ann M. Buca. |
||
| 260 |
_aDigos City: _bUMDC _cMarch 2018. |
||
| 300 |
_a57 pages; _b29 cm. |
||
| 650 | 0 |
_931787 _aEducation. _vEnglish _xUndergraduate thesis. |
|
| 700 |
_931790 _aDaugdaug, Edsel Jay B. |
||
| 700 |
_931791 _aLabesto, Chrysstle Joy. |
||
| 700 |
_931793 _aBuca, Judy Ann M. |
||
| 942 |
_2ddc _cUT |
||